Statistics for Most expensive football transfers - German players

Click here to take the quiz!

General Stats

  • This quiz has been taken 23 times
  • The average score is 8 of 10

Answer Stats

Fee (M €)SeasonLeftJoinedPlayer% Correct
80,002020-2021Bayer LeverkusenChelseaKai Havertz
100%
75,002023-2024ChelseaArsenalKai Havertz
100%
47,002013-2014Real MadridArsenalMesut Özil
90%
52,002016-2017FC Schalke 04Manchester CityLeroy Sané
81%
49,002020-2021Manchester CityBayern MunichLeroy Sané
81%
37,002013-2014Borussia DortmundBayern MunichMario Götze
81%
53,002020-2021RB LeipzigChelseaTimo Werner
81%
43,002015-2016FC Schalke 04VfL WolfsburgJulian Draxler
71%
41,002016-2017ValenciaArsenalShkodran Mustafi
62%
37,002018-2019FC Schalke 04Paris SGThilo Kehrer
43%

Score Distribution

Percentile by Number Answered

Percent of People with Each Score

Your Score History

You have not taken this quiz